[Event "POR-ch Seniors 50+"]
[Site "Luso"]
[Date "2016.07.24"]
[Round "5"]
[White "Pedroso, Manuel"]
[Black "Maduro, Joao Luis Andrade"]
[Result "0-1"]
[WhiteElo "1359"]
[BlackElo "1757"]
[PlyCount "28"]
[EventDate "2016.07.21"]
[EventType "swiss"]
[EventRounds "5"]
[EventCountry "POR"]
[SourceTitle "EXT 2018"]
[Source "ChessBase"]
[SourceDate "2017.10.13"]
[SourceVersion "1"]
[SourceVersionDate "2017.10.13"]
[SourceQuality "1"]

1. e4 c5 2. Nf3 e6 3. d4 cxd4 4. Nxd4 Nf6 5. Nc3 Bb4 6. Bg5 Qa5 7. Bxf6 Bxc3+ 8. bxc3 Qxc3+ 9. Ke2 gxf6 10. g3 b6 11. Nb5 Ba6 12. Rb1 Bxb5+ 13. Rxb5 Nc6 14. Rb3 Nd4+ 0-1

[Event "Madeira AEJ op 11th"]
[Site "Sao Joao da Madeira"]
[Date "2014.10.06"]
[Round "4"]
[White "Marques, Jose Carlos Oliveir"]
[Black "Pedroso, Manuel"]
[Result "1-0"]
[WhiteElo "1449"]
[BlackElo "1357"]
[PlyCount "81"]
[EventDate "2014.10.04"]
[EventType "swiss"]
[EventRounds "7"]
[EventCountry "POR"]
[SourceTitle "EXT 2018"]
[Source "ChessBase"]
[SourceDate "2017.10.13"]
[SourceVersion "1"]
[SourceVersionDate "2017.10.13"]
[SourceQuality "1"]

1. d4 Nf6 2. Nf3 e6 3. Bg5 h6 4. Bh4 d5 5. e3 Nbd7 6. c4 Be7 7. Nc3 0-0 8. Bd3 c5 9. cxd5 Nxd5 10. Nxd5 Bxh4 11. Nxh4 Qxh4 12. Nc7 Rb8 13. Nb5 cxd4 14. Nxd4 Nf6 15. Qa4 a6 16. Qc2 Bd7 17. Nf3 Qh5 18. h3 Rbc8 19. Qe2 Rfd8 20. 0-0 Qa5 21. Nd4 e5 22. Nf5 Kh8 23. Nd6 Be6 24. Nxb7 Qd5 25. Nxd8 Rxd8 26. Bxa6 Ra8 27. b3 e4 28. Bc4 Qe5 29. Bxe6 Qxe6 30. Qc4 Qxc4 31. bxc4 Nd7 32. Rfd1 Ne5 33. Rd4 f5 34. a4 Ra5 35. Rd5 Rxd5 36. cxd5 Kg8 37. a5 Nd7 38. a6 Nb6 39. Rb1 Nxd5 40. a7 Nc7 41. Rb7 1-0

[Event "Gaia Profigaia op 7th"]
[Site "Vila Nova de Gaia"]
[Date "2014.07.02"]
[Round "7"]
[White "Pedroso, Manuel"]
[Black "Silva, Leonildo"]
[Result "0-1"]
[WhiteElo "1364"]
[BlackElo "1594"]
[PlyCount "118"]
[EventDate "2014.06.28"]
[EventType "swiss"]
[EventRounds "9"]
[EventCountry "POR"]
[SourceTitle "CBM 161 Extra"]
[Source "ChessBase"]
[SourceDate "2014.08.29"]
[SourceVersion "1"]
[SourceVersionDate "2014.08.29"]
[SourceQuality "1"]

1. e4 e5 2. Nf3 Nc6 3. Bb5 a6 4. Ba4 Nf6 5. 0-0 b5 6. Bb3 Be7 7. Re1 0-0 8. c3 d5 9. exd5 Nxd5 10. Nxe5 Nxe5 11. Rxe5 c6 12. d4 Bd6 13. Re1 Qh4 14. g3 Qh3 15. Qf3 Bg4 16. Qg2 Qh5 17. Nd2 Rfe8 18. Rxe8+ Rxe8 19. h4 Re1+ 20. Kh2 Ne3 21. Qxc6 Bf8 22. a4 Nf5 23. Qd5 g5 24. Qxf7+ Qxf7 25. Bxf7+ Kxf7 26. axb5 axb5 27. Nb3 Bf3 28. Bxg5 Rxa1 29. Nxa1 Bd1 30. Kg2 h5 31. Kf1 Bh6 32. Ke1 Bf3 33. Bxh6 Nxh6 34. Nc2 Ke6 35. Ne3 Nf7 36. Kd2 Nd6 37. Kc2 Ne4 38. Kb3 Be2 39. c4 bxc4+ 40. Nxc4 Kd5 41. Ne5 Nxf2 42. Ng6 Nh3 43. Nf4+ Nxf4 44. gxf4 Kxd4 45. Kc2 Ke3 46. f5 Bd3+ 47. Kc3 Bxf5 48. b4 Bd7 49. Kc4 Kf4 50. Kd3 Kg3 51. Ke2 Bb5+ 52. Ke1 Kxh4 53. Kf2 Kh3 54. Kg1 Kg3 55. Kh1 h4 56. Kg1 Bc6 57. b5 Bb7 58. Kf1 h3 59. Ke2 h2 0-1

[Event "Gaia Profigaia op 7th"]
[Site "Vila Nova de Gaia"]
[Date "2014.06.29"]
[Round "4"]
[White "Silva, Rafael Luis"]
[Black "Pedroso, Manuel"]
[Result "0-1"]
[WhiteElo "1471"]
[BlackElo "1364"]
[PlyCount "74"]
[EventDate "2014.06.28"]
[EventType "swiss"]
[EventRounds "9"]
[EventCountry "POR"]
[SourceTitle "CBM 161 Extra"]
[Source "ChessBase"]
[SourceDate "2014.08.29"]
[SourceVersion "1"]
[SourceVersionDate "2014.08.29"]
[SourceQuality "1"]

1. e4 d5 2. f3 dxe4 3. fxe4 e5 4. c3 Nf6 5. d3 Be7 6. Nf3 Nc6 7. Nbd2 0-0 8. Nc4 Bg4 9. Be2 Bxf3 10. Bxf3 b5 11. Na3 Bxa3 12. bxa3 Qe7 13. Bg5 h6 14. Bh4 Rad8 15. 0-0 g5 16. Bg3 Qxa3 17. Qc2 Rd7 18. Be2 Qe7 19. Rad1 a6 20. Rf2 Ne8 21. Rdf1 Qc5 22. Kh1 Ng7 23. Qb2 Ne7 24. Qb3 Ng6 25. Bg4 Re7 26. Bf5 Nf4 27. Bxf4 exf4 28. Bg6 Kh8 29. Bf5 Nxf5 30. exf5 Qxf5 31. Qc2 Rfe8 32. g3 c5 33. gxf4 Re1 34. Kg2 Qg4+ 35. Kh1 Rxf1+ 36. Rxf1 Re2 37. Qd1 Qg2# 0-1